Tres rosas amarillas
Guardat en:
| Autor principal: | |
|---|---|
| Format: | Llibre |
| Idioma: | espanyol |
| Publicat: |
Barcelona
Anagrama
2001
|
| Edició: | 3a. ed |
| Col·lecció: | Compactos, 153
|
| Matèries: | |
| Etiquetes: |
Afegir etiqueta
Sense etiquetes, Sigues el primer a etiquetar aquest registre!
|
MARC
| LEADER | 00000nam a2200000 a 4500 | ||
|---|---|---|---|
| 001 | UCL3490 | ||
| 003 | CL-VaPUC | ||
| 008 | 031128e20010000SP |||||||||||||||||spa|d | ||
| 020 | |a 8433914847 | ||
| 082 | 0 | 4 | |a 813 |b CAR |2 21 |
| 100 | 0 | |a Carver, Raymond |e author |9 480775 | |
| 245 | 1 | 0 | |a Tres rosas amarillas |
| 250 | |a 3a. ed | ||
| 300 | |a 158 p | ||
| 942 | |c BK | ||
| 945 | |d 20031128 00:00:00 |a cmena | ||
| 260 | |a Barcelona |b Anagrama |c 2001 | ||
| 650 | 0 | |a Novelas estadounidenses |9 265217 | |
| 650 | 0 | |a Literatura estadounidense |9 317168 | |
| 583 | |a last modification |c 20031128 00:00:00 |k Rodrigo Vera | ||
| 490 | 0 | |a Compactos, 153 | |
| 999 | |c 306525 |d 306523 | ||
| 952 | |0 0 |1 0 |4 0 |6 813_000000000000000_CAR_2001 |7 0 |8 A |9 371568 |a BIBART |b BIBART |d 2019-11-21 |i 3904032 |l 4 |m 2 |o 813 CAR 2001 |p 3904032 |r 2025-04-30 |s 2025-04-23 |w 2019-11-21 |y BK |k ART | ||